000 00699nas a2200253 4500
001 BR0601736
003 BR-BrBNA
005 20231205105947.0
007 ta
008 230509b bl.|||p| |||| 00| 00por d
040 _aBR-BrBNA
_bpor
_cBiblioteca Nacional de Agricultura
041 _a(Pt)
072 _aE71
100 1 _aPinheiro, A.C.A.
100 1 _aTalamini, D.J.D.
245 1 _aNovas regras da união européia
650 _aCOMERCIALIZAÇÃO
650 _aSAFRA
650 _aPREÇO
650 _aCRÉDITO AGRÍCOLA
773 0 _tAgroanalysis (Brazil)
_xISSN 0100-4298
_g(Feb 2006), v. 26(2) p. 12
_wBR0601736
909 _a202311
_bLúcia
_c55
_dLúcia Elande
942 _2AGRIS
_n0
_cANA
999 _c185562
_d185562